00466nam a22001577a 450000500170000000800410001702000340005804100130009208200150010510000130012024500590013325000190019226000450021130000260025665000260028220231213060503.0231213b |||||||| |||| 00| 0 eng d a9781776320615 ; 9781776320622 aEnglish  a343.4 INC  lEnglish  aIncome Tax Legislation /cLexisNexis editorial staff  aFirst Edition  aDurban : bLexisNexis (Pty) Ltd, c2022  b614 pages ; c25 cm.  aLegal practice bLaw